000
00239nam a22000857a 4500
008
160704b xxu||||| |||| 00| 0 eng d
100
_9
1907
_a
Singh, R
245
_a
School Organisation & Administration
260
_a
New Delhi
_b
Common Wealth
_c
2005
999
_c
1609
_d
1609